Problems and solutions in project management and control (Record no. 6916)

MARC details
000 -LEADER
fixed length control field 00894 a2200217 4500
005 - DATE AND TIME OF LATEST TRANSACTION
control field 20080912160547.0
008 - FIXED-LENGTH DATA ELEMENTS--GENERAL INFORMATION
fixed length control field 080912t xxu||||| |||| 00| 0 eng d
010 ## - LIBRARY OF CONGRESS CONTROL NUMBER
LC control number ENG-87767
020 ## - INTERNATIONAL STANDARD BOOK NUMBER
Terms of availability 350.00
International Standard Book Number 8183186149
035 ## - SYSTEM CONTROL NUMBER
System control number EN-71300
037 ## - SOURCE OF ACQUISITION
Source of stock number/acquisition D.B.Act / Pub
082 ## - DEWEY DECIMAL CLASSIFICATION NUMBER
Classification number 658.404
100 ## - MAIN ENTRY--PERSONAL NAME
Personal name Narendra Singh
245 ## - TITLE STATEMENT
Title Problems and solutions in project management and control
Statement of responsibility, etc by Narendra Singh
250 ## - EDITION STATEMENT
Edition statement 3rd rev. ed.
260 ## - PUBLICATION, DISTRIBUTION, ETC. (IMPRINT)
Place of publication, distribution, etc Mumbai
Name of publisher, distributor, etc Himalaya Publishing House
Date of publication, distribution, etc 2007
270 ## - ADDRESS
Address "Ramdoot", Dr. Bhalerao Marg, (Kelewadi), Girgaon
City Mumbai
Postal code 400 004
Telephone number 022-23860170, 022-23863863
Electronic mail address himpub@vsnl.com
300 ## - PHYSICAL DESCRIPTION
Extent 600 p.
Dimensions 24 cm. (Pbk)
942 ## - ADDED ENTRY ELEMENTS (KOHA)
Institution code [OBSOLETE] dpl
Koha item type English Books
Call number prefix 658.404 / NAR
Source of classification or shelving scheme Dewey Decimal Classification
Classification part 658.404
Call number suffix NAR
Holdings
Withdrawn status Lost status Damaged status Not for loan Collection code Home library Current library Date acquired Cost, normal purchase price Total Checkouts Full call number Barcode Date last seen Copy number Uniform Resource Identifier Cost, replacement price Price effective from Koha item type
      Not For Loan Non-fiction D.B.Act.Division D.B.Act.Division 12/09/2008 350.00   658.404 NAR EN-71300 15/09/2008 1 7424 350.00 15/09/2008 English Books

© Delhi Public Library
Hit Counter
free hit counter